Auf dem Bauernhof - Statistiken

Allgemein
  • Dieses Quiz wurde 729 mal gespielt
  • Das Durchschnittsergebnis liegt bei 15 aus 16
Antwortstatistiken
Bildquiz Antwort % Korrekt
Kuh
100%
Ferkel
99%
Hund
98%
Küken
98%
Traktor
98%
Katze
97%
Scheune
97%
Stroh
97%
Gans
96%
Pferde
93%
Ziegen
92%
Silo
90%
Mähdrescher
88%
Bäuerin
82%
Milchkanne
78%
Misthaufen
71%
Keine übereinstimmenden Quizze gefunden
Verteilung der Resultate
Anzahl Personen mit jedem Resultat
Perzentil nach korrekt beantworteten Fragen
Ihre Resultats-Entwicklung
Sie haben dieses Quiz noch nicht gespielt